000 01001nam0a22002771 4500
001 rc\4633066
005 20250612135129.0
021 _aRU
_b[63-36770]
035 _a(NLR Aleph) 008680815
090 _a9177787
_c9177787
100 _a20130416d1963 |||y0rusy50 ca
101 0 _arus
102 _aRU
105 _aa z |||||
200 1 _aЧеловек. Автомобиль. Улица
_eСоветы, поучительные истории, рассуждения
210 _aЛенинград
_cЛениздат
_d1963
215 _a228 с.
_cил.
_d20
300 _aПеред загл. авт.: полк. милиции И.В. Сидякин
606 _aАвтотранспорт
_xПравила движения
_2psbo
606 _aАвтотранспортные предприятия
_2psbo
700 1 _aСидякин
_bИ.В.
_gИван Васильевич
801 0 _aRU
_bNLR
_gpsbo
801 1 _aRU
_bELAR
_2rusmarc
852 _aNLR
_j63-3/2801
942 _cBOOK
980 _aNB